Tabung kembara muda

Bibliographic Details
Main Author: Hazudin, Zabadi
Format: Book
Published: Kuala Lumpur : Penerbitan Hartamas , 2002
Series:Siri ekspedisi remaja
Subjects:

MARC

LEADER 00000cam a2200000 7i4500
001 0000054494
005 20220105105354.0
008 151107
020 |a 9830341798 
090 0 0 |a AD   |b MAL 
100 1 |a Hazudin, Zabadi 
245 0 0 |a Tabung kembara muda   |c Hazudin Zabadi 
260 |a Kuala Lumpur :   |b Penerbitan Hartamas ,   |c 2002 
300 |a 58pg. :   |b ill 
490 1 |a Siri ekspedisi remaja 
500 |a Children ages 7-9 years old (orange) 
650 0 |a Children's story, Malay 
999 |a 0000920052   |b Book   |c Children Collection   |e Cawangan Bukit Gambir 
999 |a 0000920053   |b Book   |c Children Collection   |e Cawangan Bukit Gambir 
999 |a 0000920054   |b Book   |c Children Collection   |e Cawangan Bukit Gambir 
999 |a 0000927718   |b Book   |c Children Collection   |e Cawangan Tangkak 
999 |a 0000927719   |b Book   |c Children Collection   |e Cawangan Tangkak